000 00687nam a2200229Ia 4500
003 OSt
005 20250721173921.0
008 210423s2009 xx 000 0 und d
020 _a9780415778251
040 _cAL
041 _aEnglish
082 _a070.909051
_bZELC
100 _aBarbie Zelizer
_989074
245 _aChanging faces of journalism
_b: tabloidization technology and truthiness
260 _aLondon
_bRoutledge
_c2009
300 _ax,174p.
_bPB
_c23.4x15.5cm.
365 _b1662
_cINR
650 _aJournalism
_989075
650 _aJournalism & Media
_989076
906 _aChanging ; faces ; journalism: ; tabloidization ; technology ; truthiness
942 _2ddc
_cBK
999 _c159393
_d159393